000 00521nam a22002057a 4500
999 _c4157
_d4157
003 OSt
005 20191122121041.0
008 160525b xxu||||| |||| 00| 0 eng d
020 _a9789970637379
040 _cDDC
082 _a598 MEU 2014
100 _aMeunier, Quentin; Mckelvie, Sherry
_98963
245 _aBirds of Uganda
260 _aKampala;
_bFountain,
_c2014
300 _a370p;
_bCol.ill:
_c21cm
504 _aIndex included
650 _aBirds
_98965
650 _aOrnithology
_95483
942 _2ddc
_cO_SHELF